000 00609nam a2200205Ia 4500
005 20250508165730.0
008 008 250505s9999 xx 000 0 eng d
020 _a978-1-138-63980-5
037 _aTextual
040 _aFEDL
_beng
_cFEDL
041 _aeng
_2eng
084 _a510, HAW
_qFEDL
100 _aHawking Stephen Ed.
_9781749
245 0 _aGod created the integers: The mathematical breakthroughs that change history
260 _aNew Delhi, India
_bPenguin Books
_c2005
300 _axiii, 1160p.
365 _aINR
_b899
942 _cTEXL
_h510, HAW
999 _c1397114
_d1397114